000 00284pam a2200121 a 4500
020 _c
041 _h
082 _a708
_bVAD
245 _aAre We like this only
_hTextual Documents
260 _a[s.l]:
_bVadhera Art Gallery , Delhi,
_c2005.
300 _a74:
_bpaper.
930 _a6997
999 _c240787
_d240787